Statics (Record no. 360848)

MARC details
000 -LEADER
fixed length control field 00499 a2200205 4500
005 - DATE & TIME
control field 20250206124810.0
008 - FIXED-LENGTH DATA ELEMENTS--GENERAL INFORMATION
fixed length control field 250206b |||||||| |||| 00| 0 eng d
020 ## - ISBN
International Standard Book Number 9788122484724
Price Rs. 475.00
040 ## - CATALOGING SOURCE
Original cataloging agency VIVEKANANDA LIBRARY
082 ## - DDC NUMBER
Classification number 531.12
Book Number B198S(7)
100 ## - MAIN ENTRY--PERSONAL NAME
Personal name Bali, N P
245 ## - TITLE STATEMENT
Title Statics
250 ## - EDITION STATEMENT
Edition statement 7th
260 ## - PUBLICATION, DISTRIBUTION, ETC. (IMPRINT)
Name of publisher, distributor, etc New Age International Publishers
Date of publication, distribution, etc 2024
Place of publication, distribution, etc New Delhi
300 ## - PHYSICAL DESCRIPTION
Pages 470
440 ## - Series Statement
Series Title Golden Maths Series
650 ## - Subject
Subject Mathematics
650 ## - Subject
Subject Statics
942 ## - ADDED ENTRY ELEMENTS (KOHA)
Koha item type Books
Holdings
Withdrawn status Lost status Source of classification or shelving scheme Damaged status Not for loan Location (home branch) Sublocation or collection (holding branch) Shelving location Date acquired Koha issues (times borrowed) Koha full call number Accession No. Koha date last seen Koha item type
    Dewey Decimal Classification     VIVEKANANDA LIBRARY VIVEKANANDA LIBRARY Vivekananda Library 03/02/2025   531.12 B198S(7) 437231 03/02/2025 Books
    Dewey Decimal Classification     VIVEKANANDA LIBRARY VIVEKANANDA LIBRARY Vivekananda Library 03/02/2025   531.12 B198S(7) 437229 03/02/2025 Books
    Dewey Decimal Classification     VIVEKANANDA LIBRARY VIVEKANANDA LIBRARY Vivekananda Library 03/02/2025   531.12 B198S(7) 437230 03/02/2025 Books
    Dewey Decimal Classification     VIVEKANANDA LIBRARY VIVEKANANDA LIBRARY Vivekananda Library 03/02/2025   531.12 B198S(7) 437228 03/02/2025 Books
    Dewey Decimal Classification     VIVEKANANDA LIBRARY VIVEKANANDA LIBRARY Vivekananda Library 03/02/2025   531.12 B198S(7) 437232 03/02/2025 Books
© Designed and Maintained by Vivekananda Library, MDU Rohtak